000 00680nam a2200241Ia 4500
003 OSt
005 20220928124132.0
006 a|||||r|||| 00| 0
007 ta
008 220927b |||||||| |||| 00| 0 eng d
024 _a27597
037 _cTextual
040 _aSDCL
_cSDCL
_beng
041 _2eng
_aeng
082 _aG:68:f3, N4
100 _aKneale G Geoff Ed.
_9463501
245 0 _aDNA-protein interactions
_b Principles and protocols.
260 _aTotowa
_bHumana Press
_c1994
300 _axv,427p
_ccm.
490 _aMethods in molecular biology;30.
942 _hG:68:f3, N4
_cTEXL
_2CC
999 _c776398
_d776398